000 00685cam a22002293a 4500
001 5752
003 PGUSA
005 20140828083124.0
008 040501s2004||||xxu|||||s|||||000 1 eng d
040 _aPGUSA
_beng
042 _adc
050 4 _aPR
100 1 _aMacDonald, George,
_d1824-1905
245 1 0 _aSt. George and St. Michael Volume III
_h[electronic resource] /
_cGeorge MacDonald
260 _bProject Gutenberg,
_c2004
506 _aPublic domain in the USA.
516 _aElectronic text
653 _aGreat Britain -- History -- Civil War, 1642-1649 -- Fiction
830 0 _aProject Gutenberg
_v5752
856 4 0 _uhttp://www.gutenberg.org/ebooks/5752
942 _cEB
999 _c235080
_d235080